| 000 | 00368 a2200145 4500 | ||
|---|---|---|---|
| 020 | _a9694024919 | ||
| 082 | _a954.91 | ||
| 090 |
_c6257 _d6257 |
||
| 100 | _aCohen,Stephen Philip. | ||
| 245 |
_aThe Idea of Pakistan. _cStephen Philip Cohen |
||
| 260 |
_aIslamabad. _bVanguard Books. _c2005. |
||
| 300 | _a382p. | ||
| 500 | _aHard cover | ||
| 942 |
_aNBS _cBK _k954.91 COH |
||
| 999 |
_c348627 _d348627 |
||